[Event "Irish Championship 2011"]
[Site "Dublin IRL"]
[Date "2011.07.02"]
[Round "1"]
[White "Cafolla, Peter"]
[Black "Short, Philip"]
[Result "1/2-1/2"]
[BlackTitle "FM"]
[WhiteElo "2053"]
[BlackElo "2293"]
[WhiteICU "1986"]
[BlackICU "2246"]
[WhiteClub "Rathmines"]
[WhiteNationality "IRL"]
[BlackNationality "IRL"]
[WhiteFideId "2500884"]
[BlackFideId "2500086"]
[PlyCount "131"]
[EventDate "2011.07.02"]

{ Annotator: Peter Cafolla, <a href="icj_1108.pdf#page=21">Irish Chess
Journal, August 2011, pp. 21-22</a>. } { Event information: <a
href="https://www.irlchess.com/irlch2011_allfiles/pairings_irlch2011.html">Tournament
report</a>. }

1. d4 Nf6 2. c4 g6 3. Nc3 Bg7 4. e4 d6 5. Be2 O-O 6. Nf3 Nbd7 7. Qc2 e5 8.
d5 c5 9. Bg5 h6 10. Bh4 a6 11. O-O Qe8 12. Ne1 Nh7 13. Qd1 Kh8 14. a3 Ng5
15. Rb1 Qe7 16. Kh1 f5 17. f3 Bf6 18. Bf2 f4 19. b4 Nf7 20. Nd3 b6 21. Qe1
g5 22. a4 a5 23. bxc5 bxc5 24. Rb3 h5 25. Qd1 Rg8 26. Be1 Nf8 27. Nf2 Nh6
28. Nb5 g4 29. g3 Nh7 30. Rg1 fxg3 31. hxg3 gxf3 32. Bxf3 Ng4 33. Bxg4 Bxg4
34. Nxg4 Rxg4 35. Qe2 Bg5 36. Rf3 Nf6 37. Rgf1 Rxe4 38. Qh2 h4 39. Qc2 Qh7
40. g4 Rf4 41. Qxh7+ Kxh7 42. Nxd6 Nxg4 43. Rxf4 Bxf4 44. Bxh4 Ne3 45. Rb1
Kg6 46. Rg1+ Kh5 47. Bf2 Ra6 48. Bxe3 Bxe3 49. Re1 Bd4 50. Ne4 Kg4 51. Rf1
Ra8 52. Kg2 Rb8 53. Rf7 Be3 54. Nf6+ Kg5 55. Ne4+ Kg6 56. Rc7 Rb4 57. Kf3
Rb3 58. Ke2 Bd4 59. d6 Re3+ 60. Kd2 Rxe4 61. d7 Be3+ 62. Kd3 Rd4+ 63. Kxe3
Kf5 64. Rxc5 Rxd7 65. Rxa5 Rh7 66. Ra8 1/2-1/2

[Event "Irish Championship 2011"]
[Site "Dublin IRL"]
[Date "2011.07.04"]
[Round "3"]
[White "Redmond, John P."]
[Black "Brady, Stephen"]
[Result "0-1"]
[BlackTitle "FM"]
[WhiteElo "2190"]
[BlackElo "2357"]
[WhiteICU "2134"]
[BlackICU "2335"]
[WhiteClub "Atticus ENG"]
[BlackClub "Phibsboro"]
[WhiteNationality "IRL"]
[BlackNationality "IRL"]
[WhiteFideId "2500051"]
[BlackFideId "2500124"]
[PlyCount "48"]
[EventDate "2011.07.02"]

{ Event information: <a
href="https://www.irlchess.com/irlch2011_allfiles/pairings_irlch2011.html">Tournament
report</a>. }

1. c4 e6 2. Nc3 d5 3. d4 Nf6 4. cxd5 exd5 5. Bg5 Be7 6. e3 O-O 7. Bd3 Re8
8. Qc2 h6 9. Bh4 c5 10. Nge2 Nc6 11. dxc5 d4 12. exd4 Nxd4 13. Qd2 Nxe2 14.
Bxe2 Qxd2+ 15. Kxd2 Bxc5 16. Bd3 Be6 17. h3 Nd5 18. Bb5 Rec8 19. a3 Nxc3
20. bxc3 Bb6 21. a4 Rc5 22. Be7 Rd5+ 23. Ke2 a6 24. Bd3 Re8 0-1

[Event "Irish Championship 2011"]
[Site "Dublin IRL"]
[Date "2011.07.08"]
[Round "7"]
[White "Keogh, Eamon"]
[Black "Doyle, Hugh"]
[Result "1/2-1/2"]
[WhiteTitle "NM"]
[WhiteElo "2015"]
[BlackElo "1909"]
[WhiteICU "1897"]
[BlackICU "1819"]
[WhiteClub "Kilkenny"]
[BlackClub "Cork"]
[WhiteNationality "IRL"]
[BlackNationality "IRL"]
[WhiteFideId "2500264"]
[BlackFideId "2500876"]
[PlyCount "114"]
[EventDate "2011.07.02"]

{ Annotator: Se&aacute;n Coffey, <a
href="https://www.irlchess.com/2011/07/14/from-the-2011-irish-championship/">From
the 2011 Irish championship</a>, IRLchess, July 14, 2011. } { Event
information: <a
href="https://www.irlchess.com/irlch2011_allfiles/pairings_irlch2011.html">Tournament
report</a>. }

1. f4 c5 2. Nf3 Nc6 3. e3 g6 4. Bb5 Bg7 5. O-O a6 6. Bxc6 bxc6 7. Nc3 Nf6
8. d3 Rb8 9. e4 O-O 10. Ne2 d6 11. h3 c4 12. e5 cxd3 13. Qxd3 Nd5 14. c4
Nb4 15. Qc3 c5 16. a3 Nc6 17. Rd1 Qb6 18. Kh2 Be6 19. Ng3 Na5 20. Nd2 dxe5
21. fxe5 Rfd8 22. b4 cxb4 23. axb4 Nc6 24. Re1 Qxb4 25. Qxb4 Nxb4 26. Re2
Rd3 27. c5 Nc2 28. Rxa6 Nd4 29. Re1 Rc8 30. Ra7 Rxc5 31. Nde4 Rc2 32. Rf1
Bxe5 33. Rxe7 Kg7 34. Bf4 Bxf4 35. Rxf4 Nf3+ 36. Rxf3 Rxf3 37. Kg1 Rb3 38.
Nh1 Bxh3 39. Nef2 Be6 40. Ra7 Rbb2 41. Ra1 Bc4 42. Re1 g5 43. Re3 Kg6 44.
Ra3 h5 45. Re3 g4 46. Rg3 f5 47. Ra3 h4 48. g3 Rc1+ 49. Kh2 h3 $2 (49...
Bd5 $1 { and it would soon be over. Now Black must tread carefully to evade
stalemate. }) 50. Ra6+ $1 Kf7 51. Rf6+ Ke7 52. Re6+ Kd7 53. Rd6+ Kc7 54.
Rc6+ Kb7 55. Rc7+ Kb8 $4 ({ Now the win is gone. The only way was } 55...
Ka8 $1 { and the king escapes, e.g., } 56. Ra7+ (56. Rc8+ Rb8) 56... Kb8
57. Ra8+ Kc7 58. Rc8+ Kd6 59. Rd8+ Kc5 60. Rc8+ Kd4 61. Rd8+ Kc3 62. Rd3+
Kc2 63. Rc3+ Kb1 { . }) 56. Rc8+ Kb7 57. Rb8+ Kxb8 1/2-1/2

[Event "Irish Championship 2011"]
[Site "Dublin IRL"]
[Date "2011.07.09"]
[Round "8"]
[White "Daly, Colm"]
[Black "Brady, Stephen"]
[Result "0-1"]
[WhiteTitle "FM"]
[BlackTitle "FM"]
[WhiteElo "2305"]
[BlackElo "2357"]
[WhiteICU "2258"]
[BlackICU "2335"]
[WhiteClub "Bray/Greystones"]
[BlackClub "Phibsboro"]
[WhiteNationality "IRL"]
[BlackNationality "IRL"]
[WhiteFideId "2500434"]
[BlackFideId "2500124"]
[PlyCount "190"]
[EventDate "2011.07.02"]

{ Annotator: Tony Foley, <a
href="https://tony-chessaddict.blogspot.com/2011/07/missed-opportunity-at-irish.html">Missed
opportunity at the Irish championship</a>, <em>Ficheall</em> blog, July 9,
2011. } { Event information: <a
href="https://www.irlchess.com/irlch2011_allfiles/pairings_irlch2011.html">Tournament
report</a>. }

1. e4 e5 2. Nf3 Nc6 3. Bb5 Nf6 4. d3 Bc5 5. c3 Qe7 6. O-O O-O 7. h3 a6 8.
Ba4 b5 9. Bb3 d6 10. Bg5 h6 11. Bxf6 Qxf6 12. Bd5 Bd7 13. a4 Rab8 14. axb5
axb5 15. Ra6 Bb6 16. b4 Ne7 17. Bb3 Ng6 18. Kh2 Nf4 19. Ng1 Ra8 20. Rxa8
Rxa8 21. Qf3 Ng6 22. g3 Qxf3 23. Nxf3 Kf8 24. Kg2 f5 25. h4 Ne7 26. Nfd2 g6
27. f4 exf4 28. gxf4 fxe4 29. dxe4 Kg7 30. Nf3 Bc6 31. Re1 Ra1 32. Nfd2 d5
33. exd5 Nxd5 34. Kg3 Ne3 35. Be6 Kf6 36. Bh3 Nf5+ 37. Bxf5 gxf5 38. Nb3
Ra2 39. N1d2 Rc2 40. Rc1 Rxc1 41. Nxc1 Be3 42. Ncb3 Ke6 43. Nf3 Bxf3 44.
Kxf3 Bg1 45. Ke2 Kd5 46. Kd3 h5 47. Nd2 Bb6 48. Ke2 Ba7 49. Kd3 Bg1 50. Ke2
Bh2 51. Kf3 c6 52. Nf1 Bg1 53. Nd2 Bb6 54. Ke2 Bd8 55. Nf3 Kc4 56. Nd4 Kxc3
57. Nxf5 Kxb4 58. Nd4 Bxh4 59. Nxc6+ Kc5 60. Ne5 Kd5 61. Kd3 Bg3 62. Ke3
Be1 63. Nd3 Bc3 64. f5 Bg7 65. Nb4+ Kc4 66. Nc6 Bf6 67. Kf3 Kc5 68. Nb8 Kd6
69. Na6 Bc3 70. Kg3 Be1+ 71. Kf4 Bd2+ 72. Kg3 Bg5 73. Nb4 Kc5 74. Nd3+ Kd4
75. Nb4 Kc4 76. Nc6 Kc5 77. Ne5 Kd5 78. Nd3 Ke4 79. Nb4 Kxf5 80. Kf3 Ke5
81. Nc6+ Kd5 82. Nb4+ Kc4 83. Nc6 Bf6 $2 ({ To avoid the resource in the
next note, it was essential to remove the king from c4, or alternatively to
cover a5: Kc5, Kd5, Kc3, Kd3, and Bd2 are the only moves that win. } ) 84.
Ke4 $2 ({ Missing the opportunity. } 84. Na7 $1 b4 85. Nc6 b3 86. Na5+ {
draws, as Black will be left with bishop plus wrong-coloured rook pawn. })
84... Kc5 85. Nb8 Be7 86. Nd7+ Kd6 87. Ne5 b4 88. Nc4+ Kc5 89. Nd2 h4 90.
Nb3+ Kc4 91. Na5+ Kc3 92. Kf3 Bd8 93. Nb7 Bb6 94. Nd6 b3 95. Ne4+ Kd3 0-1